Modern automotive mechanics (Record no. 574759)

000 -LEADER
fixed length control field 00489nam a22001817a 4500
003 - CONTROL NUMBER IDENTIFIER
control field CEME
005 - DATE AND TIME OF LATEST TRANSACTION
control field 20210628203707.0
008 - FIXED-LENGTH DATA ELEMENTS--GENERAL INFORMATION
fixed length control field 210127b xxu||||| |||| 00| 0 eng d
020 ## - INTERNATIONAL STANDARD BOOK NUMBER
International Standard Book Number 0-87006-777-X
040 ## - CATALOGING SOURCE
Transcribing agency .
082 ## - DEWEY DECIMAL CLASSIFICATION NUMBER
Classification number 629.28722 DUF
100 ## - MAIN ENTRY--PERSONAL NAME
Personal name Duffy, James E
9 (RLIN) 34777
245 ## - TITLE STATEMENT
Title Modern automotive mechanics
260 ## - PUBLICATION, DISTRIBUTION, ETC.
Place of publication, distribution, etc. HOLLAND
Name of publisher, distributor, etc. THE GOODHEART WILLCOX CO
Date of publication, distribution, etc. 1990
300 ## - PHYSICAL DESCRIPTION
Extent 1056P
650 ## - SUBJECT ADDED ENTRY--TOPICAL TERM
Topical term or geographic name entry element AUTOMOBILES, AUTOMOBILES MAINTENANCE AND REPAIR
9 (RLIN) 66889
942 ## - ADDED ENTRY ELEMENTS (KOHA)
Koha item type Book
Source of classification or shelving scheme
Holdings
Withdrawn status Lost status Damaged status Not for loan Permanent Location Current Location Shelving location Date acquired Total Checkouts Full call number Barcode Date last seen Price effective from Koha item type
        College of Electrical & Mechanical Engineering (CEME) College of Electrical & Mechanical Engineering (CEME) General Stacks 07/31/2017   629.28722 DUF CEME-38864 06/28/2021 06/28/2021 Book
© 2023 Central Library, National University of Sciences and Technology. All Rights Reserved.